Responses for Show #7335 - Friday, July 1, 2016

Contestants

[<< previous game]

Valerie Ryan, a Country Western dance instructor from Austin, Texas

Zach Klitzman, a public historian from Washington, D.C.

Shyamlee Patel, an office manager and student from New York, New York (whose 1-day cash winnings total $20,401)

[next game >>]

Jeopardy! Round responses

MOVIE MISTAKES
LETTER PERFECT
WHO WAS PRESIDENT WHEN I DIED?
"CON"CENTRATION
BRAND NAMES
THE UNITED STATES OF KENTUCKY
(Alex: The category deals with states that border that state.)
    $200 16
Braveheart

Zach
    $200 21
X

Zach
    $200 4
Barack Obama

Shyamlee
    $200 1
consolation

Zach
    $200 22
Famous Amos

Shyamlee
    $200 10
Ohio

Zach
    $400 17
Titanic

Valerie
    $400 23
S

Zach
    $400 6
Clinton

Zach
    $400 5
conifers

Zach
    $400 27
Hoover

Zach
    $400 11
(Zach: What is Pennsylvania?)

Virginia

ShyamleeZach
    $600 18
North by Northwest

Shyamlee
    $600 24
Q

Shyamlee
    $600 7
Lyndon Johnson

Shyamlee
    $600 8
Confucius

Valerie
    $600 28
Gap

Triple Stumper
    $600 13
Missouri

Zach
    $800 19
Zoolander

Zach
    $800 25
R

Zach
    $1,200 3
(Alex: Yes, it happened in 1955.)

Eisenhower

Zach
    $800 9
a confidant

Zach
    $800 29
Good Humor

Zach
    $800 14
West Virginia

Zach
    $1000 20
Jennifer Lopez

Shyamlee
    $1000 26
K

Shyamlee
    $1000 2
(Shyamlee: Who is Ford?)

Carter

ShyamleeZach
    $1000 12
a conduit

Zach
    $1000 30
Isotoners

Shyamlee
    $1000 15
(Valerie: What is Indiana?)

Illinois

Valerie
Triple Stumper

Scores at the first commercial break (after clue 15):

Shyamlee Zach Valerie
$200 $6,200 -$400

Scores at the end of the Jeopardy! Round:

Shyamlee Zach Valerie
$4,600 $9,800 $0

Double Jeopardy! Round responses

SYMPHONY ORCHESTRAS
NONFICTION
RECENT POP CULTURE
WORDS IN JEOPARDY
(Alex: Each correct response will be a word that can be made up of some of the eight letters in "jeopardy" itself.)
DAYLIGHT SAVING TIME
NICE LONG DANES
    $400 11
Israel

Valerie
    $400 27
the Mayflower

Valerie
    $400 14
Stallone

Zach
    $400 2
dear

Zach
    $400 18
summertime

Zach
    $400 1
Hans Christian Andersen

Shyamlee
    $800 7
the New York Philharmonic

Shyamlee
    $800 26
cancer

Shyamlee
    $800 21
the (Golden State) Warriors

Zach
    $800 5
Dopey

Zach
    $800 28
the 1970s

Zach
    $800 12
(Alex: Yeah, then they killed him with an axe.)
(Valerie: Oh.)

Canterbury

Valerie
    $1200 6
Boston

Valerie
    $1200 20
French Cooking

Shyamlee
    $1200 19
Deadpool

Zach
    $1200 8
drape

Shyamlee
    $1200 30
November

Zach
    $1200 13
beach volleyball

Shyamlee
    $1600 3
the Hollywood Bowl

Zach
    $1,000 25
(Alex: You are back in the lead with $18,000.)

Madeleine Albright

Shyamlee
    $1600 23
Vinyl

Shyamlee
    $1600 9
yea

Triple Stumper
    $1600 29
Arizona

Zach
    $2,000 15
the New York City Ballet

Zach
    $2000 4
London

Shyamlee
    $2000 22
Jared Diamond

Shyamlee
    $2000 24
(Valerie: Who is Janet Jackson?)
...
(Alex: Who is [*]? Jack and Jill.)

Jill Scott

Valerie
Triple Stumper
    $2000 10
parody

Shyamlee
    $2000 16
commerce

Valerie
    $2000 17
the (yellow) Star of David

Valerie

Scores at the end of the Double Jeopardy! Round:

Shyamlee Zach Valerie
$18,800 $21,000 $4,800

[wagering suggestions for these scores]

Final Jeopardy! Round responses

BUSINESSES
ValerieWhat is the Pony Express?
$3,200
ShyamleeWhat is the Pony Express?
$12,201
ZachWhat is the Pony Express?
$16,601
the Pony Express

Final scores:

Shyamlee Zach Valerie
$31,001 $37,601 $8,000
2nd place: $2,000 New champion: $37,601 3rd place: $1,000

Game dynamics:

Coryat scores:

Shyamlee Zach Valerie
$19,400 $20,200 $4,800
20 R
(including 1 DD),
1 W
28 R
(including 2 DDs),
1 W
8 R,
2 W

Combined Coryat: $44,400

[game clues] [game scores] [suggest correction]

Game tape date: 2016-03-29
The J! Archive is created by fans, for fans. Scraping, republication, monetization, and malicious use prohibited; this site may use cookies and collect identifying information. See terms. The Jeopardy! game show and all elements thereof, including but not limited to copyright and trademark thereto, are the property of Jeopardy Productions, Inc. and are protected under law. This website is not affiliated with, sponsored by, or operated by Jeopardy Productions, Inc. Join the discussion at JBoard.tv.